Greek building costs (Record no. 120950)
[ view plain ]
| 000 -LEADER | |
|---|---|
| fixed length control field | 00912cai a22001935a 4500 |
| 001 - CONTROL NUMBER | |
| control field | L155059 |
| 008 - FIXED-LENGTH DATA ELEMENTS--GENERAL INFORMATION | |
| fixed length control field | 120223u2008 xxk f 000 0 eng d |
| 035 ## - SYSTEM CONTROL NUMBER | |
| System control number | (Sirsi) u155059 |
| 041 0# - LANGUAGE CODE | |
| Language code of text/sound track or separate title | eng |
| 110 2# - MAIN ENTRY--CORPORATE NAME | |
| Corporate name or jurisdiction name as entry element | Hellenic Statistical Authority |
| 9 (RLIN) | 6021 |
| 245 00 - TITLE STATEMENT | |
| Title | Greek building costs |
| Medium | [electronic resource] |
| 260 ## - PUBLICATION, DISTRIBUTION, ETC. | |
| Place of publication, distribution, etc. | Pireus |
| Name of publisher, distributor, etc. | Hellenic Statistical Authority |
| Date of publication, distribution, etc. | 2008 |
| 520 ## - SUMMARY, ETC. | |
| Summary, etc. | Statistics for Greece include material costs of residential buildings (construction cost index), prices of work categories and construction costs of new residential buildings (price indices), labour costs of residential buildings (construction costs index), and production index in construction. |
| 590 ## - LOCAL NOTE (RLIN) | |
| Local note | KA |
| 651 #4 - SUBJECT ADDED ENTRY--GEOGRAPHIC NAME | |
| Geographic name | Greece |
| 690 ## - LOCAL SUBJECT ADDED ENTRY--TOPICAL TERM (OCLC, RLIN) | |
| Topical term or geographic name as entry element | Cost management |
| 9 (RLIN) | 6233 |
| 856 40 - ELECTRONIC LOCATION AND ACCESS | |
| Uniform Resource Identifier | <a href="https://www.statistics.gr/portal/page/portal/ESYE/PAGE-themes?p_param=A1399">https://www.statistics.gr/portal/page/portal/ESYE/PAGE-themes?p_param=A1399</a> |
| Public note | View the website free of charge at www.statistics.gr |
| 942 ## - ADDED ENTRY ELEMENTS (KOHA) | |
| Suppress in OPAC | 0 |
| Withdrawn status | Lost status | Source of classification or shelving scheme | Damaged status | Not for loan | Home library | Current library | Shelving location | Date acquired | Total Checkouts | Full call number | Barcode | Date last seen | Copy number | Price effective from | Koha item type |
|---|---|---|---|---|---|---|---|---|---|---|---|---|---|---|---|
| Dewey Decimal Classification | Virtual | Virtual | Online | 23/02/2012 | WEB-SITE | 155059-2001 | 06/08/2019 | 1 | 06/08/2019 | Online material |